Szczegóły MARC21

Entscheidungen. Deutsch als Geschäfts-und Verhandlungssprache : für fortgeschrittene Lerner /

003 -Nazwa inst., której nr kontr. jest w polu 001 [,]
    • @
    • Nazwa instytucji, której n kontrolny jest w polu 001
    • NUKAT
005 -DATA I CZAS OSTATNIEJ MODYFIKACJI [,]
    • @
    • pole kontrolne
    • 20241231115920.0
020 -Międzynarod. znormalizowany nr książki - ISBN [ , ]
    • a
    • Numer ISBN
    • 9783941323230 Find
040 -Instytucja sporządzająca opis [ , ]
    • a
    • Instytucja, która sporządziła opis (NP)
    • TARN 010/DP
    • b
    • Język katalogowania
    • pol
    • e
    • Zasady katalogowania
    • rda
    • c
    • Instytucja, która sporządziła rekord (NP)
    • TARN 010/DP
942 -Rodzaj dokumentu [ , ]
    • c
    • Rodzaj dokumentu
    • Książka
100 -Hasło główne - nazwa osobowa [1, ]
    • a
    • Nazwa osobowa (NP)
    • Buscha, Annerose.
    • e
    • Rodzaj współpracy
    • Autor
    • 9
    • KHW
    • 457758
245 -Strefa tytułu i oznaczenia odpowiedzialności [1,0]
    • a
    • Tytuł
    • Entscheidungen. Deutsch als Geschäfts-und Verhandlungssprache : Find
    • b
    • Ciąg dalszy tytułu (NP)
    • für fortgeschrittene Lerner / Find
    • c
    • Pozostałe elementy strefy tytułu i oznaczenia odpowiedzialności (NP)
    • Anne Buscha, Juliane Matz, Susanne Raven, Szilvia Szita ; Zeichnungen Jean-Marc Deltorn.
250 -Strefa wydania [ , ]
    • a
    • Oznaczenie wydania (NP)
    • 1. Auflage.
260 -Strefa adresu wydawniczego [ , ]
    • a
    • Miejsce wydania (P)
    • Leipzig :
    • b
    • Nazwa wydawcy (P)
    • Schubert Verlag,
    • c
    • Data wydania (P)
    • 2016.
300 -Strefa opisu fizycznego [ , ]
    • a
    • Określenie formy książki i/lub objętość (NP)
    • 240 stron :
    • b
    • Oznaczenie ilustracji (NP)
    • ilustracje, w tym kolorowe ;
    • c
    • Format (NP)
    • 29 cm +
    • e
    • Oznaczenie dokumentu towarzyszącego (NP)
    • 1 płyta CD.
336 -Typ zawartości [ , ]
    • a
    • Termin opisujący typ zawartości
    • Tekst
    • b
    • Kod określający zawartość
    • txt
    • 2
    • Źródło (terminu i kodu)
    • rdacontent
337 -Typ mediów [ , ]
    • a
    • Tryb odtwarzania
    • Bez urządzenia pośredniczącego
    • b
    • Kod typu mediów
    • n
    • 2
    • Źródło (terminu i kodu)
    • rdamedia
337 -Typ mediów [ , ]
    • a
    • Tryb odtwarzania
    • Komputer
    • b
    • Kod typu mediów
    • c
    • 2
    • Źródło (terminu i kodu)
    • rdamedia
338 -Typ/rodzaj nośnika [ , ]
    • a
    • Hasło opisujące typ nośnika
    • Dysk komputerowy
    • b
    • Kod typu nośnika
    • cd
    • 2
    • Źródło (terminu i kodu)
    • rdacarrier
338 -Typ/rodzaj nośnika [ , ]
    • a
    • Hasło opisujące typ nośnika
    • Wolumin
    • b
    • Kod typu nośnika
    • nc
    • 2
    • Źródło (terminu i kodu)
    • rdacarrier
650 -Hasło przedmiotowe [ ,7]
    • a
    • Hasło przedmiotowe
    • Język niemiecki
    • v
    • Określnik formalny
    • podręczniki dla obcojęzycznych.
    • 2
    • Źródło terminu
    • kaba
    • 9
    • KHW
    • 360973
650 -Hasło przedmiotowe [ ,7]
    • a
    • Hasło przedmiotowe
    • Język niemiecki
    • x
    • Określnik rzeczowy
    • studia i nauczanie.
    • 2
    • Źródło terminu
    • kaba
    • 9
    • KHW
    • 113293
700 -Hasło dodatkowe - nazwa osobowa [1, ]
    • a
    • Nazwa osobowa (NP)
    • Matz, Juliane. Find
    • e
    • Określenie rodzaju współpracy
    • Autor
    • 9
    • KHW
    • 623963
700 -Hasło dodatkowe - nazwa osobowa [1, ]
    • a
    • Nazwa osobowa (NP)
    • Raven, Susanne. Find
    • e
    • Określenie rodzaju współpracy
    • Autor
    • 9
    • KHW
    • 623962
700 -Hasło dodatkowe - nazwa osobowa [1, ]
    • a
    • Nazwa osobowa (NP)
    • Szita, Szilvia Find
    • d
    • Daty biograficzne (NP)
    • (1972- ).
    • e
    • Określenie rodzaju współpracy
    • Autor
    • 9
    • KHW
    • 614703
700 -Hasło dodatkowe - nazwa osobowa [1, ]
    • a
    • Nazwa osobowa (NP)
    • Deltorn, Jean-Marc. Find
    • e
    • Określenie rodzaju współpracy
    • Ilustracje
    • 9
    • KHW
    • 614704
710 -Hasło dodatkowe - nazwa ciała zbiorowego [2, ]
    • a
    • Nazwa ciała zbiorowego lub nazwa geograficzna jako pierwszy element (NP)
    • Schubert Verlag.
    • e
    • Rodzaj współpracy
    • Wydawca
    • 4
    • Kod relacji
    • pbl
    • 9
    • KHW
    • 517895
920 -ISBN [ , ]
    • a
    • ISBN
    • 978-3-941323-23-0 Find
Status udost. Sygnatura Numer inwentarzowy Lokalizacja Data inwentaryzacji
-3Germ. Nauka jęz.-podręczniki 66BJM.1154BM2022-03-23
1GERM. Nauka języka niem. 23G.21694BM2022-03-09